Score 0/22 Timer 02:00
4 Plays Today
Clue 3-Letter Answer % Correct
• Mars' color •• RED •
99.7%
• Like the sun's surface •• HOT •
98.8%
A clothing accessory worn on the headHAT
98.1%
A pole used for fishingROD
98.1%
Spoil and decayROT
97.7%
Female pronounSHE
97.5%
Standardized test for US college admissionsS.A.T.
95.9%
Bashful and timidSHY
95.7%
• Marvel creator Stan ___• LEE •
94.7%
UrinePEE
94.6%
Speak out loudSAY
92.7%
Clue 3-Letter Answer % Correct
Organ of hearingEAR
92.5%
___ GuevaraCHE
88.9%
Average amount of strokes for a golf holePAR
88.8%
Necklace of flowers popular in HawaiiLEI
88.6%
Make a mistakeERR
86.7%
• Vital life force in oriental medicine •• CHI •
86.3%
• Locations where ambulances drop off patients •• ERS •
76.9%
21st letter of the Greek alphabetPHI
72.3%
Smallest Canadian province (abbrev.)P.E.I.
71.1%
• High energy in a person •• PEP •
69.9%
Soft food for infantsPAP
65.3%

Today's Daily Dose

Quick Pick
2004 Events

Get the Picture
Thor Movies

You're not logged in!

Compare scores with friends on all Sporcle quizzes.
OR
Log In

Sporcle TV

Today on Sporcle TV


Watch our educational content, quiz creation guides, and fun videos on Sporcle TV.

Show Comments

Extras

Top Quizzes Today


Score Distribution

Paid Content

Your Account Isn't Verified!

In order to create a playlist on Sporcle, you need to verify the email address you used during registration. Go to your Sporcle Settings to finish the process.

Report this User

Report this user for behavior that violates our Community Guidelines.

Details: